| 000 | 00398pab a2200157 454500 | ||
|---|---|---|---|
| 008 | 180718b2001 xxu||||| |||| 00| 0 eng d | ||
| 100 | _aSingh, Ashima | ||
| 245 | _aOperating effectiveness in work settings: the case of railway officers | ||
| 260 | _c2001 | ||
| 300 | _ap.461-66. | ||
| 362 | _aOct-Dec | ||
| 650 | _aRailways | ||
| 700 | _aKhan, S.M. | ||
| 773 | _aProductivity | ||
| 909 | _a52140 | ||
| 999 |
_c52140 _d52140 |
||